[Event "Chessable Masters - Torneo preliminare"]
[White "Giri, Anish"]
[Black "Sargissian, Gabriel"]
[WhiteFideId "24116068"]
[BlackFideId "13300881"]
[WhiteElo "2714"]
[BlackElo "2628"]
[Result "1-0"]
[Round "3"]
[TimeControl "600+2"]
[Date "2023.03.13"]
[WhiteClock "0:03:26"]
[BlackClock "0:01:53"]

1. e4 {[%clk 0:10:01]}  e5 {[%clk 0:09:54]} 2. Nf3 {[%clk 0:10:02]}  Nc6 {[%clk 0:09:54]} 3. Bc4 {[%clk 0:10:04]}  Nf6 {[%clk 0:09:54]} 4. d3 {[%clk 0:10:05]}  Bc5 {[%clk 0:09:55]} 5. O-O {[%clk 0:10:07]}  d6 {[%clk 0:09:55]} 6. c3 {[%clk 0:10:08]}  O-O {[%clk 0:09:56]} 7. Nbd2 {[%clk 0:10:07]}  a5 {[%clk 0:09:55]} 8. h3 {[%clk 0:10:05]}  Ba7 {[%clk 0:09:41]} 9. Re1 {[%clk 0:09:59]}  Be6 {[%clk 0:09:39]} 10. Bxe6 {[%clk 0:10:00]}  fxe6 {[%clk 0:09:40]} 11. Nf1 {[%clk 0:10:02]}  Qd7 {[%clk 0:09:33]} 12. Ng3 {[%clk 0:09:58]}  a4 {[%clk 0:09:30]} 13. Rb1 {[%clk 0:09:46]}  Bb6 {[%clk 0:09:25]} 14. Be3 {[%clk 0:09:34]}  Bxe3 {[%clk 0:09:25]} 15. Rxe3 {[%clk 0:09:36]}  b5 {[%clk 0:09:22]} 16. d4 {[%clk 0:09:36]}  Qe7 {[%clk 0:09:05]} 17. Qe2 {[%clk 0:09:35]}  Rab8 {[%clk 0:08:57]} 18. b3 {[%clk 0:09:24]}  axb3 {[%clk 0:08:58]} 19. Rxb3 {[%clk 0:09:24]}  b4 {[%clk 0:06:29]} 20. dxe5 {[%clk 0:09:20]}  dxe5 {[%clk 0:06:00]} 21. Qe1 {[%clk 0:08:59]}  Nd7 {[%clk 0:05:31]} 22. cxb4 {[%clk 0:08:46]}  Nd4 {[%clk 0:05:32]} 23. Rbc3 {[%clk 0:08:38]}  Qxb4 {[%clk 0:05:24]} 24. Rxc7 {[%clk 0:08:06]}  Nxf3+ {[%clk 0:05:25]} 25. gxf3 {[%clk 0:08:06]}  Qxe1+ {[%clk 0:05:26]} 26. Rxe1 {[%clk 0:08:07]}  Rf7 {[%clk 0:04:39]} 27. a4 {[%clk 0:07:47]}  Ra8 {[%clk 0:04:26]} 28. Ra1 {[%clk 0:07:45]}  Nb6 {[%clk 0:04:27]} 29. Rc6 {[%clk 0:06:52]}  Rxa4 {[%clk 0:04:20]} 30. Rxa4 {[%clk 0:06:42]}  Nxa4 {[%clk 0:04:22]} 31. Rxe6 {[%clk 0:06:42]}  Rxf3 {[%clk 0:04:06]} 32. Rxe5 {[%clk 0:06:43]}  g6 {[%clk 0:04:07]} 33. Kg2 {[%clk 0:06:29]}  Rf8 {[%clk 0:04:06]} 34. h4 {[%clk 0:06:07]}  h5 {[%clk 0:03:38]} 35. Ne2 {[%clk 0:06:07]}  Nb2 {[%clk 0:03:35]} 36. Rd5 {[%clk 0:06:05]}  Nc4 {[%clk 0:03:35]} 37. Kg3 {[%clk 0:06:01]}  Kg7 {[%clk 0:03:24]} 38. Nf4 {[%clk 0:05:55]}  Re8 {[%clk 0:03:22]} 39. Rg5 {[%clk 0:04:33]}  Rxe4 {[%clk 0:03:18]} 40. Rxg6+ {[%clk 0:04:34]}  Kf7 {[%clk 0:03:16]} 41. Rg5 {[%clk 0:04:36]}  Re5 {[%clk 0:02:17]} 42. Rxh5 {[%clk 0:04:11]}  Re1 {[%clk 0:02:11]} 43. Rf5+ {[%clk 0:03:44]}  Kg7 {[%clk 0:02:09]} 44. Rd5 {[%clk 0:03:31]}  Rg1+ {[%clk 0:02:04]} 45. Kf3 {[%clk 0:03:29]}  Nb6 {[%clk 0:01:53]} 46. Rg5+ {[%clk 0:03:24]}  Rxg5 {[%clk 0:01:53]} 47. hxg5 {[%clk 0:03:26]} 1-0


[Site "Internet"]

[Event "Chessable Masters - Torneo preliminare"]
[White "Alonso Rosell, Alvar"]
[Black "Sychev, Klementy"]
[WhiteFideId "2270544"]
[BlackFideId "4114060"]
[WhiteElo "2473"]
[BlackElo "2484"]
[Result "1-0"]
[Round "3"]
[TimeControl "600+2"]
[Date "2023.03.13"]
[WhiteClock "0:03:01"]
[BlackClock "0:00:03"]

1. d4 {[%clk 0:10:01]}  Nf6 {[%clk 0:09:50]} 2. c4 {[%clk 0:10:02]}  e6 {[%clk 0:09:51]} 3. Nf3 {[%clk 0:10:02]}  d5 {[%clk 0:09:51]} 4. g3 {[%clk 0:10:03]}  Bb4+ {[%clk 0:09:43]} 5. Nc3 {[%clk 0:09:58]}  O-O {[%clk 0:09:42]} 6. Bg2 {[%clk 0:09:59]}  dxc4 {[%clk 0:09:42]} 7. O-O {[%clk 0:09:59]}  Nc6 {[%clk 0:09:44]} 8. a3 {[%clk 0:10:01]}  Be7 {[%clk 0:09:38]} 9. e4 {[%clk 0:10:01]}  Na5 {[%clk 0:09:31]} 10. Be3 {[%clk 0:10:01]}  a6 {[%clk 0:09:05]} 11. Qc2 {[%clk 0:10:01]}  b5 {[%clk 0:08:52]} 12. d5 {[%clk 0:10:01]}  exd5 {[%clk 0:08:32]} 13. Rad1 {[%clk 0:10:00]}  Bg4 {[%clk 0:07:30]} 14. h3 {[%clk 0:09:48]}  Bd7 {[%clk 0:05:50]} 15. e5 {[%clk 0:09:23]}  c6 {[%clk 0:05:51]} 16. Ng5 {[%clk 0:06:35]}  g6 {[%clk 0:05:50]} 17. exf6 {[%clk 0:05:28]}  Bxf6 {[%clk 0:05:52]} 18. Nxd5 {[%clk 0:05:21]}  cxd5 {[%clk 0:05:54]} 19. Rxd5 {[%clk 0:05:20]}  Qc8 {[%clk 0:04:13]} 20. Ne4 {[%clk 0:04:08]}  Bg7 {[%clk 0:04:05]} 21. Bd4 {[%clk 0:03:54]}  Bxd4 {[%clk 0:01:17]} 22. Rxd4 {[%clk 0:03:53]}  Bf5 {[%clk 0:01:07]} 23. Nf6+ {[%clk 0:03:38]}  Kh8 {[%clk 0:00:42]} 24. Rh4 {[%clk 0:03:09]}  h5 {[%clk 0:00:04]} 25. Qc3 {[%clk 0:03:05]}  Qd8 {[%clk 0:00:03]} 26. Nxh5+ {[%clk 0:03:01]} 1-0


[Site "Internet"]

[Event "Chessable Masters - Torneo preliminare"]
[White "Kramnik, Vladimir"]
[Black "Shimanov, Aleksandr"]
[WhiteFideId "4101588"]
[BlackFideId "4198603"]
[WhiteElo "2756"]
[BlackElo "2610"]
[Result "1-0"]
[Round "3"]
[TimeControl "600+2"]
[Date "2023.03.13"]
[WhiteClock "0:06:05"]
[BlackClock "0:03:38"]

1. c4 {[%clk 0:10:01]}  g6 {[%clk 0:09:52]} 2. Nc3 {[%clk 0:10:02]}  Bg7 {[%clk 0:09:52]} 3. g3 {[%clk 0:10:02]}  e5 {[%clk 0:09:23]} 4. Bg2 {[%clk 0:10:02]}  Ne7 {[%clk 0:09:23]} 5. d3 {[%clk 0:09:59]}  d6 {[%clk 0:09:20]} 6. e3 {[%clk 0:09:53]}  O-O {[%clk 0:09:14]} 7. Nge2 {[%clk 0:09:53]}  Nbc6 {[%clk 0:09:08]} 8. O-O {[%clk 0:09:49]}  Bg4 {[%clk 0:08:53]} 9. h3 {[%clk 0:09:33]}  Be6 {[%clk 0:08:53]} 10. Nd5 {[%clk 0:09:01]}  Qd7 {[%clk 0:08:50]} 11. Kh2 {[%clk 0:09:02]}  f5 {[%clk 0:08:28]} 12. f4 {[%clk 0:08:46]}  Kh8 {[%clk 0:07:59]} 13. Nec3 {[%clk 0:08:45]}  Ng8 {[%clk 0:07:39]} 14. Bd2 {[%clk 0:08:40]}  Nd8 {[%clk 0:07:37]} 15. e4 {[%clk 0:08:27]}  c6 {[%clk 0:07:24]} 16. Ne3 {[%clk 0:08:21]}  Nf7 {[%clk 0:07:10]} 17. Qc2 {[%clk 0:08:07]}  Rae8 {[%clk 0:07:05]} 18. Rae1 {[%clk 0:08:07]}  Nf6 {[%clk 0:06:41]} 19. Ne2 {[%clk 0:07:42]}  Nh6 {[%clk 0:05:55]} 20. Bc3 {[%clk 0:07:31]}  Nh5 {[%clk 0:05:36]} 21. b4 {[%clk 0:07:04]}  fxe4 {[%clk 0:05:14]} 22. dxe4 {[%clk 0:06:55]}  exf4 {[%clk 0:04:56]} 23. Nxf4 {[%clk 0:06:55]}  Bxc3 {[%clk 0:04:37]} 24. Qxc3+ {[%clk 0:06:53]}  Ng7 {[%clk 0:04:38]} 25. c5 {[%clk 0:06:31]}  dxc5 {[%clk 0:04:28]} 26. Qxc5 {[%clk 0:06:30]}  Bxa2 {[%clk 0:03:55]} 27. Nxg6+ {[%clk 0:06:26]}  hxg6 {[%clk 0:03:50]} 28. Rxf8+ {[%clk 0:06:26]}  Rxf8 {[%clk 0:03:52]} 29. Qxf8+ {[%clk 0:06:27]}  Kh7 {[%clk 0:03:44]} 30. Rd1 {[%clk 0:06:27]}  Qe6 {[%clk 0:03:38]} 31. Rd8 {[%clk 0:06:12]}  Nf7 {[%clk 0:03:39]} 32. Qg8+ {[%clk 0:06:08]}  Kh6 {[%clk 0:03:38]} 33. Ng4+ {[%clk 0:06:05]} 1-0


[Site "Internet"]

[Event "Chessable Masters - Torneo preliminare"]
[White "Rasulov, Vugar"]
[Black "Mamedyarov, Shakhriyar"]
[WhiteFideId "13402390"]
[BlackFideId "13401319"]
[WhiteElo "2415"]
[BlackElo "2703"]
[Result "0-1"]
[Round "3"]
[TimeControl "600+2"]
[Date "2023.03.13"]
[WhiteClock "0:00:56"]
[BlackClock "0:04:08"]

1. e4 {[%clk 0:10:01]}  e5 {[%clk 0:10:00]} 2. Nf3 {[%clk 0:10:01]}  Nc6 {[%clk 0:10:02]} 3. Nc3 {[%clk 0:10:02]}  Nf6 {[%clk 0:10:01]} 4. d4 {[%clk 0:10:04]}  Bb4 {[%clk 0:10:02]} 5. Nxe5 {[%clk 0:10:00]}  O-O {[%clk 0:09:54]} 6. Bd3 {[%clk 0:09:32]}  Nxd4 {[%clk 0:09:44]} 7. O-O {[%clk 0:09:32]}  d6 {[%clk 0:09:44]} 8. Nc4 {[%clk 0:09:31]}  Bxc3 {[%clk 0:08:47]} 9. bxc3 {[%clk 0:09:31]}  Ne6 {[%clk 0:08:48]} 10. Ne3 {[%clk 0:09:09]}  b6 {[%clk 0:08:16]} 11. c4 {[%clk 0:09:04]}  Bb7 {[%clk 0:08:00]} 12. f3 {[%clk 0:08:56]}  Nd7 {[%clk 0:08:00]} 13. Bb2 {[%clk 0:08:53]}  f6 {[%clk 0:08:01]} 14. Qe1 {[%clk 0:08:09]}  Kh8 {[%clk 0:07:56]} 15. Qg3 {[%clk 0:08:04]}  Nec5 {[%clk 0:07:52]} 16. Nf5 {[%clk 0:07:43]}  Rf7 {[%clk 0:07:50]} 17. Rae1 {[%clk 0:07:27]}  Qe8 {[%clk 0:07:21]} 18. h4 {[%clk 0:07:19]}  Ne5 {[%clk 0:06:59]} 19. f4 {[%clk 0:07:06]}  Nexd3 {[%clk 0:06:56]} 20. cxd3 {[%clk 0:07:08]}  Bc8 {[%clk 0:06:57]} 21. Nxg7 {[%clk 0:06:20]}  Rxg7 {[%clk 0:06:58]} 22. Bxf6 {[%clk 0:06:20]}  Qf7 {[%clk 0:06:36]} 23. Qxg7+ {[%clk 0:05:49]}  Qxg7 {[%clk 0:06:38]} 24. Bxg7+ {[%clk 0:05:51]}  Kxg7 {[%clk 0:06:39]} 25. d4 {[%clk 0:05:46]}  Ne6 {[%clk 0:06:36]} 26. d5 {[%clk 0:05:23]}  Nc5 {[%clk 0:06:36]} 27. e5 {[%clk 0:04:43]}  Bf5 {[%clk 0:06:33]} 28. Re3 {[%clk 0:04:27]}  h5 {[%clk 0:06:32]} 29. Rff3 {[%clk 0:03:30]}  Kf7 {[%clk 0:06:06]} 30. Rg3 {[%clk 0:03:20]}  Bg4 {[%clk 0:06:02]} 31. Kf2 {[%clk 0:03:17]}  Kg6 {[%clk 0:05:52]} 32. exd6 {[%clk 0:03:00]}  cxd6 {[%clk 0:05:54]} 33. Re7 {[%clk 0:03:01]}  Rf8 {[%clk 0:05:38]} 34. Ke3 {[%clk 0:02:03]}  a5 {[%clk 0:05:31]} 35. Rc7 {[%clk 0:01:58]}  Re8+ {[%clk 0:04:34]} 36. Kd4 {[%clk 0:01:58]}  Re4+ {[%clk 0:04:35]} 37. Kc3 {[%clk 0:01:58]}  Re2 {[%clk 0:04:36]} 38. Rc6 {[%clk 0:01:14]}  Ne4+ {[%clk 0:04:32]} 39. Kd4 {[%clk 0:01:16]}  Nxg3 {[%clk 0:04:32]} 40. Rxd6+ {[%clk 0:01:17]}  Kf5 {[%clk 0:04:27]} 41. Rxb6 {[%clk 0:01:18]}  Kxf4 {[%clk 0:04:13]} 42. Rf6+ {[%clk 0:01:04]}  Bf5 {[%clk 0:04:14]} 43. Rf8 {[%clk 0:00:55]}  Rxa2 {[%clk 0:04:09]} 44. c5 {[%clk 0:00:56]}  Ra4+ {[%clk 0:04:08]} 0-1


[Site "Internet"]

[Event "Chessable Masters - Torneo preliminare"]
[White "Bortnyk, Olexandr"]
[Black "Sourath, Biswas"]
[WhiteFideId "14120828"]
[BlackFideId "35091484"]
[WhiteElo "2643"]
[BlackElo "2138"]
[Result "1-0"]
[Round "3"]
[TimeControl "600+2"]
[Date "2023.03.13"]
[WhiteClock "0:00:17"]
[BlackClock "0:03:38"]

1. e4 {[%clk 0:10:01]}  c6 {[%clk 0:09:54]} 2. c4 {[%clk 0:09:56]}  g6 {[%clk 0:09:52]} 3. d4 {[%clk 0:09:46]}  Bg7 {[%clk 0:09:53]} 4. Nc3 {[%clk 0:09:39]}  d6 {[%clk 0:09:47]} 5. g3 {[%clk 0:09:11]}  e5 {[%clk 0:09:47]} 6. Be3 {[%clk 0:09:04]}  Nf6 {[%clk 0:09:45]} 7. d5 {[%clk 0:08:22]}  O-O {[%clk 0:09:31]} 8. h3 {[%clk 0:08:09]}  a6 {[%clk 0:09:30]} 9. a4 {[%clk 0:07:45]}  cxd5 {[%clk 0:09:24]} 10. cxd5 {[%clk 0:07:45]}  a5 {[%clk 0:09:21]} 11. Bg2 {[%clk 0:07:21]}  Na6 {[%clk 0:09:14]} 12. Nf3 {[%clk 0:07:21]}  Nc5 {[%clk 0:09:15]} 13. Qc2 {[%clk 0:06:30]}  b6 {[%clk 0:09:01]} 14. O-O {[%clk 0:06:13]}  Ba6 {[%clk 0:09:01]} 15. Rfd1 {[%clk 0:06:12]}  Rc8 {[%clk 0:09:02]} 16. Bxc5 {[%clk 0:05:58]}  bxc5 {[%clk 0:09:01]} 17. Bf1 {[%clk 0:05:52]}  Bxf1 {[%clk 0:08:44]} 18. Rxf1 {[%clk 0:05:50]}  Qd7 {[%clk 0:08:45]} 19. Kg2 {[%clk 0:05:51]}  Ne8 {[%clk 0:08:44]} 20. Nd2 {[%clk 0:05:50]}  f5 {[%clk 0:08:21]} 21. Nc4 {[%clk 0:05:46]}  f4 {[%clk 0:08:21]} 22. Nb6 {[%clk 0:05:43]}  Qd8 {[%clk 0:08:13]} 23. Nxc8 {[%clk 0:05:43]}  Qxc8 {[%clk 0:08:15]} 24. Nb5 {[%clk 0:04:53]}  g5 {[%clk 0:07:53]} 25. Ra3 {[%clk 0:04:46]}  f3+ {[%clk 0:07:42]} 26. Rxf3 {[%clk 0:04:38]}  Rxf3 {[%clk 0:07:43]} 27. Kxf3 {[%clk 0:04:40]}  Qxh3 {[%clk 0:07:44]} 28. Ke2 {[%clk 0:04:35]}  Qg2 {[%clk 0:07:35]} 29. Qd3 {[%clk 0:04:18]}  g4 {[%clk 0:07:36]} 30. Kd2 {[%clk 0:03:57]}  Bh6+ {[%clk 0:07:34]} 31. Kc2 {[%clk 0:03:57]}  Kf7 {[%clk 0:07:22]} 32. Kb3 {[%clk 0:03:25]}  Ke7 {[%clk 0:07:20]} 33. Ka2 {[%clk 0:02:48]}  Nf6 {[%clk 0:07:20]} 34. Nxd6 {[%clk 0:02:26]}  Kxd6 {[%clk 0:06:51]} 35. Qa6+ {[%clk 0:02:26]}  Kc7 {[%clk 0:06:53]} 36. d6+ {[%clk 0:02:05]}  Kd7 {[%clk 0:06:48]} 37. Re1 {[%clk 0:01:00]}  Qxf2 {[%clk 0:06:20]} 38. Rd1 {[%clk 0:00:53]}  Bd2 {[%clk 0:06:15]} 39. Qb6 {[%clk 0:00:49]}  Ke6 {[%clk 0:05:50]} 40. Qb3+ {[%clk 0:00:19]}  Kd7 {[%clk 0:05:31]} 41. Qb8 {[%clk 0:00:20]}  Ke6 {[%clk 0:04:00]} 42. Qf8 {[%clk 0:00:20]}  Nxe4 {[%clk 0:03:38]} 43. Qxf2 {[%clk 0:00:17]} 1-0


[Site "Internet"]

[Event "Chessable Masters - Torneo preliminare"]
[White "Sasikiran, Krishnan"]
[Black "Sadhwani, Raunak"]
[WhiteFideId "5004985"]
[BlackFideId "35093487"]
[WhiteElo "2559"]
[BlackElo "2550"]
[Result "0-1"]
[Round "3"]
[TimeControl "600+2"]
[Date "2023.03.13"]
[WhiteClock "0:00:05"]
[BlackClock "0:01:14"]

1. e4 {[%clk 0:10:01]}  d6 {[%clk 0:09:57]} 2. d4 {[%clk 0:10:01]}  g6 {[%clk 0:09:59]} 3. c4 {[%clk 0:09:46]}  Nf6 {[%clk 0:09:55]} 4. Nc3 {[%clk 0:09:46]}  Bg7 {[%clk 0:09:57]} 5. f3 {[%clk 0:09:43]}  O-O {[%clk 0:09:56]} 6. Bg5 {[%clk 0:09:42]}  h6 {[%clk 0:09:44]} 7. Be3 {[%clk 0:09:42]}  c5 {[%clk 0:09:45]} 8. d5 {[%clk 0:09:34]}  e6 {[%clk 0:09:45]} 9. Qd2 {[%clk 0:09:34]}  exd5 {[%clk 0:09:42]} 10. cxd5 {[%clk 0:09:36]}  Re8 {[%clk 0:09:31]} 11. a4 {[%clk 0:08:51]}  h5 {[%clk 0:08:53]} 12. Bb5 {[%clk 0:08:35]}  Bd7 {[%clk 0:08:34]} 13. Nge2 {[%clk 0:08:22]}  Na6 {[%clk 0:08:35]} 14. O-O {[%clk 0:07:56]}  Nb4 {[%clk 0:08:35]} 15. Bc4 {[%clk 0:07:01]}  a6 {[%clk 0:07:50]} 16. a5 {[%clk 0:06:40]}  b5 {[%clk 0:07:50]} 17. axb6 {[%clk 0:06:20]}  Qxb6 {[%clk 0:07:51]} 18. b3 {[%clk 0:05:53]}  Nh7 {[%clk 0:05:55]} 19. Rac1 {[%clk 0:03:32]}  h4 {[%clk 0:05:15]} 20. Kh1 {[%clk 0:03:19]}  Qd8 {[%clk 0:04:56]} 21. Rce1 {[%clk 0:02:49]}  Rb8 {[%clk 0:04:45]} 22. f4 {[%clk 0:02:31]}  h3 {[%clk 0:04:45]} 23. gxh3 {[%clk 0:02:17]}  Bxh3 {[%clk 0:03:49]} 24. f5 {[%clk 0:01:43]}  Bxf1 {[%clk 0:03:41]} 25. Rxf1 {[%clk 0:01:43]}  Qf6 {[%clk 0:02:56]} 26. Rg1 {[%clk 0:00:38]}  Rb7 {[%clk 0:02:15]} 27. Rg3 {[%clk 0:00:15]}  Rbe7 {[%clk 0:02:05]} 28. Bh6 {[%clk 0:00:07]}  Rxe4 {[%clk 0:01:43]} 29. Nxe4 {[%clk 0:00:06]}  Rxe4 {[%clk 0:01:45]} 30. Bxg7 {[%clk 0:00:06]}  Kxg7 {[%clk 0:01:45]} 31. fxg6 {[%clk 0:00:05]}  fxg6 {[%clk 0:01:46]} 32. Nc3 {[%clk 0:00:05]}  Re5 {[%clk 0:01:35]} 33. h3 {[%clk 0:00:05]}  Ng5 {[%clk 0:01:27]} 34. Kg2 {[%clk 0:00:05]}  Rf5 {[%clk 0:01:13]} 35. h4 {[%clk 0:00:05]}  Nf3 {[%clk 0:01:14]} 0-1


[Site "Internet"]

[Event "Chessable Masters - Torneo preliminare"]
[White "Dubov, Daniil"]
[Black "Ju, Wenjun"]
[WhiteFideId "24126055"]
[BlackFideId "8603006"]
[WhiteElo "2727"]
[BlackElo "2598"]
[Result "1-0"]
[Round "3"]
[TimeControl "600+2"]
[Date "2023.03.13"]
[WhiteClock "0:00:08"]
[BlackClock "0:00:10"]

1. d4 {[%clk 0:10:01]}  Nf6 {[%clk 0:10:00]} 2. c4 {[%clk 0:10:02]}  e6 {[%clk 0:10:01]} 3. Nc3 {[%clk 0:10:00]}  Bb4 {[%clk 0:10:02]} 4. e3 {[%clk 0:10:01]}  O-O {[%clk 0:10:02]} 5. Bd3 {[%clk 0:10:02]}  d5 {[%clk 0:10:04]} 6. a3 {[%clk 0:10:01]}  Bxc3+ {[%clk 0:09:59]} 7. bxc3 {[%clk 0:10:03]}  dxc4 {[%clk 0:10:00]} 8. Bxc4 {[%clk 0:10:04]}  c5 {[%clk 0:10:02]} 9. Ne2 {[%clk 0:10:04]}  Qc7 {[%clk 0:10:01]} 10. Ba2 {[%clk 0:10:05]}  b6 {[%clk 0:09:31]} 11. O-O {[%clk 0:10:03]}  Nc6 {[%clk 0:09:28]} 12. Bb2 {[%clk 0:09:49]}  Ba6 {[%clk 0:09:21]} 13. c4 {[%clk 0:09:39]}  Rfd8 {[%clk 0:09:15]} 14. Rc1 {[%clk 0:09:15]}  cxd4 {[%clk 0:08:58]} 15. exd4 {[%clk 0:09:15]}  Ng4 {[%clk 0:07:46]} 16. Ng3 {[%clk 0:08:53]}  Qf4 {[%clk 0:07:42]} 17. h3 {[%clk 0:07:32]}  Nf6 {[%clk 0:07:36]} 18. Ne2 {[%clk 0:07:06]}  Qh4 {[%clk 0:06:59]} 19. d5 {[%clk 0:06:08]}  exd5 {[%clk 0:06:39]} 20. cxd5 {[%clk 0:06:08]}  Ne7 {[%clk 0:06:37]} 21. Re1 {[%clk 0:04:03]}  Nexd5 {[%clk 0:06:19]} 22. Nd4 {[%clk 0:03:31]}  Nf4 {[%clk 0:04:41]} 23. Qf3 {[%clk 0:03:08]}  Qg5 {[%clk 0:01:21]} 24. Nc6 {[%clk 0:02:09]}  Bb7 {[%clk 0:01:09]} 25. Bxf6 {[%clk 0:00:36]}  gxf6 {[%clk 0:01:11]} 26. Ne7+ {[%clk 0:00:37]}  Kg7 {[%clk 0:00:36]} 27. Qxb7 {[%clk 0:00:39]}  Nxh3+ {[%clk 0:00:24]} 28. Kf1 {[%clk 0:00:31]}  Nxf2 {[%clk 0:00:14]} 29. Qf3 {[%clk 0:00:14]}  Ng4 {[%clk 0:00:14]} 30. Nf5+ {[%clk 0:00:13]}  Kh8 {[%clk 0:00:15]} 31. Kg1 {[%clk 0:00:14]}  Rab8 {[%clk 0:00:15]} 32. Rcd1 {[%clk 0:00:11]}  Qh5 {[%clk 0:00:10]} 33. Qf4 {[%clk 0:00:10]}  Rg8 {[%clk 0:00:09]} 34. Nd6 {[%clk 0:00:09]}  Qc5+ {[%clk 0:00:09]} 35. Qd4 {[%clk 0:00:08]}  Qg5 {[%clk 0:00:10]} 36. Nxf7+ {[%clk 0:00:08]} 1-0


[Site "Internet"]

[Event "Chessable Masters - Torneo preliminare"]
[White "Perez Ponsa, Federico"]
[Black "Pranav, V"]
[WhiteFideId "117927"]
[BlackFideId "25060783"]
[WhiteElo "2586"]
[BlackElo "2462"]
[Result "1-0"]
[Round "3"]
[TimeControl "600+2"]
[Date "2023.03.13"]
[WhiteClock "0:00:08"]
[BlackClock "0:00:06"]

1. e4 {[%clk 0:10:00]}  e5 {[%clk 0:09:51]} 2. Nf3 {[%clk 0:10:01]}  Nc6 {[%clk 0:09:50]} 3. Bb5 {[%clk 0:10:00]}  a6 {[%clk 0:09:50]} 4. Ba4 {[%clk 0:10:02]}  Nf6 {[%clk 0:09:50]} 5. O-O {[%clk 0:10:03]}  b5 {[%clk 0:09:51]} 6. Bb3 {[%clk 0:10:04]}  Bc5 {[%clk 0:09:52]} 7. a4 {[%clk 0:10:05]}  Rb8 {[%clk 0:09:53]} 8. c3 {[%clk 0:10:03]}  d6 {[%clk 0:09:54]} 9. d4 {[%clk 0:10:04]}  Bb6 {[%clk 0:09:55]} 10. a5 {[%clk 0:10:05]}  Ba7 {[%clk 0:09:56]} 11. Be3 {[%clk 0:10:05]}  Ra8 {[%clk 0:09:56]} 12. Nbd2 {[%clk 0:09:08]}  O-O {[%clk 0:09:49]} 13. Re1 {[%clk 0:08:42]}  h6 {[%clk 0:09:43]} 14. h3 {[%clk 0:08:32]}  Bb7 {[%clk 0:09:06]} 15. Bc2 {[%clk 0:08:22]}  exd4 {[%clk 0:08:46]} 16. cxd4 {[%clk 0:08:22]}  Nb4 {[%clk 0:08:47]} 17. Bb1 {[%clk 0:08:24]}  Re8 {[%clk 0:08:23]} 18. d5 {[%clk 0:07:52]}  Bxe3 {[%clk 0:08:05]} 19. Rxe3 {[%clk 0:07:54]}  c5 {[%clk 0:08:06]} 20. Nf1 {[%clk 0:07:34]}  Nd7 {[%clk 0:07:58]} 21. Ng3 {[%clk 0:07:10]}  g6 {[%clk 0:07:40]} 22. Qd2 {[%clk 0:06:56]}  Qf6 {[%clk 0:07:33]} 23. Nh2 {[%clk 0:06:32]}  Ne5 {[%clk 0:07:15]} 24. Ng4 {[%clk 0:05:56]}  Nxg4 {[%clk 0:07:11]} 25. hxg4 {[%clk 0:05:58]}  Qf4 {[%clk 0:07:06]} 26. Raa3 {[%clk 0:05:19]}  Bc8 {[%clk 0:06:05]} 27. Ne2 {[%clk 0:05:10]}  Qf6 {[%clk 0:06:01]} 28. f3 {[%clk 0:04:55]}  Ra7 {[%clk 0:05:55]} 29. Qc3 {[%clk 0:03:54]}  Qg5 {[%clk 0:05:32]} 30. f4 {[%clk 0:03:31]}  Qxg4 {[%clk 0:04:45]} 31. Qf6 {[%clk 0:03:32]}  Qd7 {[%clk 0:04:27]} 32. Ng3 {[%clk 0:02:04]}  Qe7 {[%clk 0:02:04]} 33. Nh5 {[%clk 0:01:53]}  Qxf6 {[%clk 0:01:52]} 34. Nxf6+ {[%clk 0:01:53]}  Kf8 {[%clk 0:01:54]} 35. Nxe8 {[%clk 0:01:47]}  Kxe8 {[%clk 0:01:55]} 36. Kf2 {[%clk 0:01:31]}  h5 {[%clk 0:01:56]} 37. Re1 {[%clk 0:01:30]}  Ke7 {[%clk 0:01:55]} 38. Rae3 {[%clk 0:01:28]}  Bg4 {[%clk 0:01:53]} 39. e5 {[%clk 0:01:16]}  Nxd5 {[%clk 0:01:13]} 40. exd6+ {[%clk 0:00:52]}  Kxd6 {[%clk 0:01:11]} 41. Re8 {[%clk 0:00:49]}  Nxf4 {[%clk 0:00:45]} 42. Rb8 {[%clk 0:00:50]}  c4 {[%clk 0:00:37]} 43. Be4 {[%clk 0:00:38]}  Kc5 {[%clk 0:00:38]} 44. g3 {[%clk 0:00:26]}  Nh3+ {[%clk 0:00:38]} 45. Ke3 {[%clk 0:00:19]}  Re7 {[%clk 0:00:21]} 46. Rb7 {[%clk 0:00:17]}  Re6 {[%clk 0:00:17]} 47. Kd2 {[%clk 0:00:17]}  Kb4 {[%clk 0:00:13]} 48. Rb6 {[%clk 0:00:11]}  Kxa5 {[%clk 0:00:07]} 49. Rxe6 {[%clk 0:00:12]}  fxe6 {[%clk 0:00:06]} 50. Bxg6 {[%clk 0:00:13]}  Kb4 {[%clk 0:00:06]} 51. Re5 {[%clk 0:00:10]}  Ng1 {[%clk 0:00:07]} 52. Be4 {[%clk 0:00:08]}  Kb3 {[%clk 0:00:04]} 53. Kc1 {[%clk 0:00:06]}  Ne2+ {[%clk 0:00:05]} 54. Kb1 {[%clk 0:00:08]}  Nxg3 {[%clk 0:00:06]} 55. Bb7 {[%clk 0:00:04]}  Bf5+ {[%clk 0:00:07]} 56. Kc1 {[%clk 0:00:05]}  b4 {[%clk 0:00:06]} 57. Re3+ {[%clk 0:00:06]}  Bd3 {[%clk 0:00:03]} 58. Rxg3 {[%clk 0:00:07]}  a5 {[%clk 0:00:04]} 59. Be4 {[%clk 0:00:07]}  h4 {[%clk 0:00:06]} 60. Re3 {[%clk 0:00:08]} 1-0


[Site "Internet"]